Sentimiento do mundo
Guardat en:
| Autor principal: | |
|---|---|
| Format: | Llibre |
| Idioma: | anglès portuguès |
| Publicat: |
Brasilia
Presidência da República
1985
|
| Col·lecció: | Coleçao Cinco Pontos, 2
|
| Matèries: | |
| Etiquetes: |
Afegir etiqueta
Sense etiquetes, Sigues el primer a etiquetar aquest registre!
|
MARC
| LEADER | 00000nam a2200000 a 4500 | ||
|---|---|---|---|
| 001 | UCO7993 | ||
| 003 | CL-VaPUC | ||
| 008 | 001124e19850000BL |||||||||||||||||eng|d | ||
| 041 | 0 | 7 | |a eng |2 CL-VaPUC |
| 041 | 0 | 7 | |a por |2 CL-VaPUC |
| 082 | 0 | 4 | |a 320.981 |b SAR |2 21 |
| 100 | 0 | |a Sarney, José |e author |9 452800 | |
| 245 | 1 | 0 | |a Sentimiento do mundo |
| 246 | 1 | 4 | |a The world's perception |
| 300 | |a 61 p | ||
| 942 | |c BK | ||
| 945 | |d 20001124 00:00:00 |a crobeson | ||
| 260 | |a Brasilia |b Presidência da República |c 1985 | ||
| 500 | |a Donación del profesor Manfred Wilhelmy von Wolff | ||
| 650 | 0 | |a Política y gobierno |9 255151 | |
| 650 | 0 | |a Discursos políticos |9 373524 | |
| 651 | 0 | |a Brasil |9 267393 | |
| 583 | |a last modification |c 20001124 00:00:00 |k Rodrigo Vera | ||
| 490 | 0 | |a Coleçao Cinco Pontos, 2 | |
| 999 | |c 292805 |d 292803 | ||
| 952 | |0 0 |1 0 |4 0 |6 320_981000000000000_SAR_1985 |7 0 |8 A |9 343878 |a BIBHIS |b BIBHIS |d 2019-11-20 |i 1235117 |o 320.981 SAR 1985 |p 1235117 |r 2025-01-20 |w 2019-11-20 |y BK |k HIS | ||